Management in the construction industry: Proceedings of the conference organised by the Construction Industry Conference Centre Ltd, in conjunction with the RICS, the Institute of Building, the British Institute of Management and the Department of Environment, held in London on November 10-11th 1977 (Record no. 95184)

MARC details
000 -LEADER
fixed length control field 00668cam a2200169 4500
008 - FIXED-LENGTH DATA ELEMENTS--GENERAL INFORMATION
fixed length control field 090401t1979 xxu||||| |||| 00| 0 eng d
020 ## - INTERNATIONAL STANDARD BOOK NUMBER
International Standard Book Number 0333236459
035 ## - SYSTEM CONTROL NUMBER
System control number (Sirsi) u69297
041 ## - LANGUAGE CODE
Language code of text/sound track or separate title eng
050 ## - LIBRARY OF CONGRESS CALL NUMBER
Classification number 658.99
100 ## - MAIN ENTRY--PERSONAL NAME
Personal name Burgess, Roger A
245 ## - TITLE STATEMENT
Title Management in the construction industry: Proceedings of the conference organised by the Construction Industry Conference Centre Ltd, in conjunction with the RICS, the Institute of Building, the British Institute of Management and the Department of Environment, held in London on November 10-11th 1977
260 ## - PUBLICATION, DISTRIBUTION, ETC.
Place of publication, distribution, etc. London
Name of publisher, distributor, etc. MacMillan Press
Date of publication, distribution, etc. 1979
350 ## - PRICE (NR) (BK AM CF MU VM SE) [OBSOLETE]
Price 0
942 ## - ADDED ENTRY ELEMENTS (KOHA)
Suppress in OPAC 0
948 ## - LOCAL PROCESSING INFORMATION (OCLC); SERIES PART DESIGNATOR (RLIN)
c (OCLC) 04/03/1997
Holdings
Withdrawn status Lost status Source of classification or shelving scheme Damaged status Not for loan Home library Current library Shelving location Date acquired Total Checkouts Full call number Barcode Date last seen Date last checked out Copy number Price effective from Koha item type
    Dewey Decimal Classification     London London Basement 03/10/1991 1 BASEMENT 30020211 06/08/2019 03/04/2000 1 06/08/2019 Book